| 000 | 00433nam a2200157Ia 4500 | ||
|---|---|---|---|
| 008 | 210716s2008 xx 000 0 und d | ||
| 020 | _a9780070667631 | ||
| 041 | _aeng | ||
| 082 | _a005.368 JAWW | ||
| 100 | _aJawadekar, Wamam S. | ||
| 245 |
_aSoftware engineering: a primer. _bPrimer. |
||
| 250 | _a1 | ||
| 260 |
_aNew Delhi _bTata McGraw Hill Publishing Company Ltd _c2008 |
||
| 300 | _axv,401 | ||
| 650 | _aSoftware Engineering | ||
| 999 |
_c188732 _d188732 |
||